| 000 | 01095namaa22002291 4500 | ||
|---|---|---|---|
| 001 | 173799 | ||
| 003 | ES-MaACL | ||
| 005 | 20250824074928.0 | ||
| 008 | 100121s1868 sp |||| | spa d | ||
| 040 |
_aSpMaBN _bspa _cA2 _dSpMaBN _erdc |
||
| 100 | 1 |
_aLarra y Wetoret, Luis Mariano de, _d1830-1901 _970289 |
|
| 245 | 1 | 3 |
_aLa varita de virtudes _b: zarzuela de magia en tres actos / _cletra de don Luis Mariano de Larra ; música de don Joaquín Gaztambide. |
| 260 |
_aMadrid : _b[s.n.], _c1868 ( _fImp. de José Rodríguez) |
||
| 300 |
_a117 p. ; _c21 cm. |
||
| 490 | 1 | _aEl Teatro: colección de obras dramáticas y líricas | |
| 500 | _aEn port: Estrenada en el Teatro de la Zarzuela el 7 de marzo de 1868. | ||
| 500 | _aSolo la letra. | ||
| 700 | 0 |
_aGaztambide, Joaquín. _956168 |
|
| 830 | 0 | 3 |
_aEl teatro: colección de obras dramática y líricas _9221753 |
| 852 |
_aES-MaACL _jF-8611(10) _e.- Enc. pasta española _q.- Falto de la cub. original _z.- Enc. en un vol. facticio formando parte de la col. facticia "Teatro español moderno", vol. 66 |
||
| 999 |
_c173799 _d173799 |
||